000 00716nam a2200241Ia 4500
003 OSt
005 20220926033932.0
006 a|||||r|||| 00| 0
007 ta
008 220923b |||||||| |||| 00| 0 eng d
020 _a0813906784
037 _cGeneral Book
040 _aRTL
_cRTL
_beng
041 _2eng
_aeng
082 _aX9:9J6.73.N20<--M50, L7
100 _aEhrilch Richard L Ed.
_9339781
245 0 _aImmigrants in industrial America 1850-1920
260 _aVirginia
_bUniversity Press
_c1977
300 _axiv,218p.
_ccm.
650 _aIndustrial Eonomy
_9253140
942 _hX9:9J6.73.N20<--M50, L7
_cGB
_2CC
999 _c658358
_d658358